书目信息 |
| 题名: |
线性代数习题集
|
|
| 作者: | 王萼芳 编著 | |
| 分册: | ||
| 出版信息: | 北京 清华大学出版社 2000.08 |
|
| 页数: | 273页 | |
| 开本: | 20cm | |
| 丛书名: | ||
| 单 册: | ||
| 中图分类: | O151.2-44 | |
| 科图分类: | ||
| 主题词: | 代数 , 数论 , 组合数学 | |
| 电子资源: | ||
| ISBN: | 7-302-01142-7 | |
| 000 | 00600nam0 2200217 45 | |
| 001 | 0434518470 | |
| 005 | 2004061609351798 | |
| 010 | @a7-302-01142-7@dCNY 13.50 | |
| 100 | @a20040616d2000 km y0chiy0120 ea | |
| 101 | 0 | @achi |
| 102 | @aCN@b110000 | |
| 200 | 1 | @a线性代数习题集@AXian Xing Dai Shu Xi Ti Ji@f王萼芳编著@FWang E Fang Bian Zhu |
| 210 | @a北京@c清华大学出版社@d2000.08 | |
| 215 | @a273页@d20cm | |
| 606 | 0 | @a代数 |
| 606 | 0 | @a数论 |
| 606 | 0 | @a组合数学 |
| 690 | @aO151.2-44@v3 | |
| 701 | 0 | @a王萼芳@AWang E Fang@4编著 |
| 801 | 0 | @aCN@bPFT@c20040616 |
| 905 | @a安徽大学@dO151.2-44@eW161 | |
| 线性代数习题集/王萼芳编著.-北京:清华大学出版社,2000.08 |
| 273页;20cm |
| ISBN 7-302-01142-7:CNY 13.50 |
| ● |
| 相关链接 |
|
|
|
正题名:线性代数习题集
索取号:O151.2-44/W161
 
预约/预借
| 序号 | 登录号 | 条形码 | 馆藏地/架位号 | 状态 | 备注 |
| 1 | 381053 | 203810536 | 自科库401/401自科库 72排1列3层/ [索取号:O151.2-44/W161] | 在馆 | |
| 2 | 381054 | 203810545 | 自科库401/401自科库 72排1列3层/ [索取号:O151.2-44/W161] | 在馆 | |
| 3 | 381055 | 203810554 | 自科库401/401自科库 72排1列3层/ [索取号:O151.2-44/W161] | 在馆 |